Number Stumper: Least to Greatest Minefield Quiz Stats

 Plays Quiz Updated Jan 20, 2017

Support Sporcle.
Go Orange.
Score 0/20 Timer 07:00
0 Plays Today
% Correct
???
99.7%
???
88.1%
???
67.6%
???
55.6%
???
48%
???
43.7%
???
37.1%
???
31.7%
???
24.8%
???
20.7%
% Correct
???
19%
???
18%
???
15.2%
???
14.1%
???
12.3%
???
7.9%
???
7.2%
???
7%
???
6.9%
???
6.8%

You're not logged in!

Compare scores with friends on all Sporcle quizzes.
OR
Log In
Forgot?

From the Vault

Find the Scrambled Movie Men

by SporcleEXP

You can put your whisk away, we've already scrambled them for you.
Remove Ads.
Support Sporcle.
Get the best of Sporcle when you Go Orange. This ad-free experience offers more features, more stats, and more fun while also helping to support Sporcle. Thank you for becoming a member.

Show Comments

Extras

Top Quizzes Today


Score Distribution

Your Account Isn't Verified!

In order to create a playlist on Sporcle, you need to verify the email address you used during registration. Go to your Sporcle Settings to finish the process.

Report this User

Report this user for behavior that violates our Community Guidelines.

Details: